<?xml version="1.0" encoding="UTF-8"?>
<record
    xmlns:xsi="http://www.w3.org/2001/XMLSchema-instance"
    xsi:schemaLocation="http://www.loc.gov/MARC21/slim http://www.loc.gov/standards/marcxml/schema/MARC21slim.xsd"
    xmlns="http://www.loc.gov/MARC21/slim">

  <leader>00558nam a22001817a 4500</leader>
  <datafield tag="952" ind1=" " ind2=" ">
    <subfield code="0">0</subfield>
    <subfield code="1">0</subfield>
    <subfield code="2">lcc</subfield>
    <subfield code="4">0</subfield>
    <subfield code="7">0</subfield>
    <subfield code="a">04</subfield>
    <subfield code="b">04</subfield>
    <subfield code="d">2013-04-04</subfield>
    <subfield code="l">9</subfield>
    <subfield code="o">PQ7297 P33 1992</subfield>
    <subfield code="p">05 001286</subfield>
    <subfield code="r">2023-05-30</subfield>
    <subfield code="s">2019-09-27</subfield>
    <subfield code="t">1</subfield>
    <subfield code="w">2013-04-04</subfield>
    <subfield code="y">LB</subfield>
  </datafield>
  <datafield tag="952" ind1=" " ind2=" ">
    <subfield code="0">0</subfield>
    <subfield code="1">0</subfield>
    <subfield code="2">lcc</subfield>
    <subfield code="4">0</subfield>
    <subfield code="7">0</subfield>
    <subfield code="a">11</subfield>
    <subfield code="b">11</subfield>
    <subfield code="d">2015-12-04</subfield>
    <subfield code="l">1</subfield>
    <subfield code="o">PQ7297 P33B37 1996</subfield>
    <subfield code="p">11 012838</subfield>
    <subfield code="r">2016-09-08</subfield>
    <subfield code="s">2016-09-08</subfield>
    <subfield code="t">1</subfield>
    <subfield code="w">2015-12-04</subfield>
    <subfield code="y">LB</subfield>
  </datafield>
  <datafield tag="999" ind1=" " ind2=" ">
    <subfield code="c">89360</subfield>
    <subfield code="d">89360</subfield>
  </datafield>
  <controlfield tag="005">20231102151542.0</controlfield>
  <controlfield tag="008">130404s1992    mx a          000 0 spa d</controlfield>
  <datafield tag="020" ind1=" " ind2=" ">
    <subfield code="a">9684110529</subfield>
  </datafield>
  <datafield tag="050" ind1=" " ind2=" ">
    <subfield code="a">PQ7297</subfield>
    <subfield code="b">P33 1992</subfield>
  </datafield>
  <datafield tag="100" ind1=" " ind2=" ">
    <subfield code="a">Pacheco, Jos&#xE9; Emilio</subfield>
    <subfield code="d">1939 - 2014</subfield>
    <subfield code="e">autor</subfield>
  </datafield>
  <datafield tag="245" ind1="0" ind2="4">
    <subfield code="a">Las batallas en el desierto</subfield>
    <subfield code="c">/ Jos&#xE9; Emilio Pacheco </subfield>
  </datafield>
  <datafield tag="260" ind1=" " ind2=" ">
    <subfield code="a">M&#xE9;xico</subfield>
    <subfield code="b"> : Era</subfield>
    <subfield code="c">, 1992</subfield>
  </datafield>
  <datafield tag="300" ind1=" " ind2=" ">
    <subfield code="a">68 p&#xE1;ginas</subfield>
    <subfield code="c">20 cm.</subfield>
  </datafield>
  <datafield tag="500" ind1=" " ind2=" ">
    <subfield code="a">Bachillerato Tecnol&#xF3;gico</subfield>
  </datafield>
  <datafield tag="519" ind1=" " ind2=" ">
    <subfield code="a">Bachillerato Tecnol&#xF3;gico</subfield>
    <subfield code="d">(05 001286)</subfield>
  </datafield>
  <datafield tag="650" ind1="1" ind2="4">
    <subfield code="a">NOVELA MEXICANA</subfield>
    <subfield code="y">SIGLO XX</subfield>
  </datafield>
  <datafield tag="942" ind1=" " ind2=" ">
    <subfield code="c">LB</subfield>
  </datafield>
</record>
